RosettaStone English : Student workbook (Classroom version 3)

Contents exercises to help enhance a student's learning experience. The activities in this workbook provide an opportunity for learners to practice their language skills through reading and writing exercises that reinforce the concepts covered in the Rosetta Stone software.

Spremljeno u:
Bibliografski detalji
Format: Knjiga
Jezik:Undetermined
Izdano: Harrisonburg, VA Rosetta Stone 2010
Teme:
Oznake: Dodaj oznaku
Bez oznaka, Budi prvi tko označuje ovaj zapis!
Thư viện lưu trữ: Trung tâm Học liệu Trường Đại học Cần Thơ
LEADER 00823nam a2200193Ia 4500
001 CTU_226638
008 210402s9999 xx 000 0 und d
082 |a 428.24 
082 |b R817/L.3 
245 0 |a RosettaStone English : 
245 0 |b Student workbook (Classroom version 3) 
260 |a Harrisonburg, VA 
260 |b Rosetta Stone 
260 |c 2010 
520 |a Contents exercises to help enhance a student's learning experience. The activities in this workbook provide an opportunity for learners to practice their language skills through reading and writing exercises that reinforce the concepts covered in the Rosetta Stone software. 
650 |a English language,Tiếng Anh 
650 |x Study and teaching,Dạy và học 
910 |b nthai 
980 |a Trung tâm Học liệu Trường Đại học Cần Thơ